Miller's comprehensive GAAP guide : a comprehensive restatement of all current promulgated generally accepted accounting principles

Bibliographic Details
Main Author: Miller, Martin A. , 1929- (Author)
Format: Book
Published: New York : Harcourt Brace Jovanovich , 1984
Subjects:

MARC

LEADER 00000cam a2200000 7i4500
001 0000005234
005 20220622093000.0
008 021118n
020 |a 0156017628 
090 0 0 |a HF5635   |b .M5 1985 
100 0 |a Miller, Martin A. ,   |d 1929- ,   |e author 
245 0 0 |a Miller's comprehensive GAAP guide :   |b a comprehensive restatement of all current promulgated generally accepted accounting principles   |c Martin A. Miller 
260 2 |a New York :   |b Harcourt Brace Jovanovich ,   |c 1984 
300 |a 798p. ; ;   |c 21 cm. 
504 |a Includes index 
650 0 |a Accounting   |v Handbooks, manuals, etc. 
650 0 |a Business   |v Guide-books 
650 0 |a Finance   |x Guide-books 
999 |a 1000037007   |b Book   |c Reference   |e Gong Badak Campus